Datum a čas kvízu
34.5
Celkem bodů
Celkový počet nahraných bodů na tomto kvízu bez doplňovacích otázek.
1.
Pořadí na kvízu
Konečné umístění týmu na tomto kvízu.
Zaznamenané odpovědi
| # | Otázka | Odpověď | Body | Výsledky |
|---|---|---|---|---|
| 1. | Česká pošta vydala u příležito... | Jiří Suchý | 0 | |
| 2. | Turistům se minulý týden uzavř... | Uluru (Ayers Rock) | 1 | |
| 3. | Jednašedesátiletý Brit Bruce D... | Iron Maiden | 0 | |
| 4. | Před měsícem vzbudila rozruch... | 1 | ||
| 5. | Česká tenistka Karolína Muchov... | Malý turnaj mistryň | 0 | |
| 6. | Druhý díl naší cesty kolem svě... | Srí Lanka (do r. 1972 Cejlon) | 0 | |
| 7. | Pokračujeme dále do jihovýchod... | Thajsko | 0 | |
| 8. | Další dvě otázky budou patřit... | 2. největší | 1 | |
| 9. | V severní Číně a jižním Mongol... | Gobi | 1 | |
| 10. | Dnešní putování zakončíme v Mo... | z kobylího mléka | 0 |